La lutte pour les denrées vitales

保存先:
書誌詳細
第一著者: Peyret, Henry
フォーマット: 図書
言語:Undetermined
出版事項: Paris Press Universitaires De France 1953
主題:
タグ: タグ追加
タグなし, このレコードへの初めてのタグを付けませんか!
Thư viện lưu trữ: Trung tâm Học liệu Trường Đại học Cần Thơ
LEADER 00501nam a2200181Ia 4500
001 CTU_84454
008 210402s9999 xx 000 0 und d
082 |a 363.8 
082 |b P515 
100 |a Peyret, Henry 
245 0 |a La lutte pour les denrées vitales 
245 0 |c Henry Peyret 
260 |a Paris 
260 |b Press Universitaires De France 
260 |c 1953 
650 |a Food supply,Produce trade 
904 |i Qhieu(sửa) 
980 |a Trung tâm Học liệu Trường Đại học Cần Thơ